Catálogo

La restauración de la compañía de Jesús en la América Hispanolusitana : (Registro nro. 56485)

Detalles MARC
000 -LEADER
fixed length control field 01133cam a2200265 i 4500
001 - CONTROL NUMBER
control field 56485
003 - CONTROL NUMBER IDENTIFIER
control field Mx-PuUPA
005 - DATE AND TIME OF LATEST TRANSACTION
control field 20221017082734.0
008 - FIXED-LENGTH DATA ELEMENTS--GENERAL INFORMATION
fixed length control field 140415s2014 mx gr 000 0 spa d
020 ## - INTERNATIONAL STANDARD BOOK NUMBER
International Standard Book Number 9786074172744
040 ## - CATALOGING SOURCE
Original cataloging agency MX-PuUPA
Language of cataloging spa
Description conventions rda
Transcribing agency Mx-PuUPA
Modifying agency Mx-PuUPA
041 0# - LANGUAGE CODE
Language code of text/sound track or separate title spa
245 00 - TITLE STATEMENT
Title La restauración de la compañía de Jesús en la América Hispanolusitana :
Remainder of title una antología de las fuentes documentales /
Statement of responsibility, etc. coordinadores, María Teresa Matabueno, Maria Eugenia Ponce Alcocer, Jorge Enrique Salcedo Martínez.
250 ## - EDITION STATEMENT
Edition statement Primera edición
264 #1 - PRODUCTION, PUBLICATION, DISTRIBUTION, MANUFACTURE, AND COPYRIGHT NOTICE
Place of production, publication, distribution, manufacture México, D.F. :
Name of producer, publisher, distributor, manufacturer Universidad Iberoamérica,
-- Pontificia Universidad Javeriana,
-- Universidad Iberoamericana Puebla,
Date of production, publication, distribution, manufacture, or copyright notice 2014
300 ## - PHYSICAL DESCRIPTION
Extent 335 páginas ;
Dimensions 23 cm
336 ## - CONTENT TYPE
Content type term texto
Fuente rdacontent
Content type code txt
337 ## - MEDIA TYPE
Media type term sin medio
Source rdamedia
Media type code n
338 ## - CARRIER TYPE
Carrier type term volumen
Source rdacarrier
Carrier type code nc
650 #7 - SUBJECT ADDED ENTRY--TOPICAL TERM
Topical term or geographic name entry element Jesuitas
Geographic subdivision América Latina
General subdivision Historia
Chronological subdivision Siglo XVIII
Form subdivision Fuentes
Source of heading or term armarc
650 #7 - SUBJECT ADDED ENTRY--TOPICAL TERM
Topical term or geographic name entry element Jesuitas
Geographic subdivision América Latina
General subdivision Historia
Chronological subdivision Siglo XIX
Form subdivision Fuentes
Source of heading or term armarc
942 ## - ADDED ENTRY ELEMENTS (KOHA)
Source of classification or shelving scheme Dewey Decimal Classification
Koha item type Libro
Classification part 270.8205
Item part R425
Existencias
Withdrawn status Lost status Source of classification or shelving scheme Damaged status Not for loan Collection code Home library Current library Shelving location Date acquired Source of acquisition Total Checkouts Full call number Barcode Date last seen Date last checked out Price effective from Koha item type
    Dewey Decimal Classification     General Biblioteca Karol Wojtyla Biblioteca Karol Wojtyla Sala general 06/12/2017 Compra   270.8205 RES 2014 98608 05/01/2026 11/01/2018 06/12/2017 Libro